Statistics for FC 24 Black Friday: Thunderstruck

Click here to take the quiz!

General Stats

  • This quiz has been taken 9 times
    (7 since last reset)
  • The average score is 36 of 47

Answer Stats

ratposlubcplaeyr% Correct
Thunderstruck91CMManchester CityBernardo Silva
100%
Thunderstruck Icon92RWBBrazilCafú
100%
Thunderstruck Icon90GKNetherlandsEdwin van der Sar
100%
Thunderstruck Icon94CFHungaryFerenc Puskás
100%
Thunderstruck88STArsenalGabriel Jesus
100%
Thunderstruck Icon94STGermanyGerd Müller
100%
Thunderstruck87RWBBayer LeverkusenJeremie Frimpong
100%
Thunderstruck Icon95CFNetherlandsJohan Cruyff
100%
Thunderstruck92STParis Saint-Germain FéminineMarie-Antoinette Katoto
100%
Thunderstruck92CAMAl HilalNeymar
100%
Thunderstruck Icon94LWBrazilRonaldinho
100%
Thunderstruck Icon93STFranceThierry Henry
100%
Thunderstruck92LWReal MadridVinícius Júnior
100%
Thunderstruck87CBJuventusBremer
86%
Thunderstruck89CMFC BarcelonaFrenkie de Jong
86%
Thunderstruck Icon92GKSpainIker Casillas
86%
Thunderstruck86CMNewcastle UnitedJoelinton
86%
Thunderstruck90CMArsenal WomenKim Little
86%
Thunderstruck Icon89CMEnglandPaul Scholes
86%
Thunderstruck88CBManchester UnitedRaphaël Varane
86%
Thunderstruck88STAS RomaRomelu Lukaku
86%
Thunderstruck86LWBrighton & Hove AlbionAnsu Fati
71%
Thunderstruck87CBLiverpoolJoe Gomez
71%
Thunderstruck92RWOlympique Lyonnais FémininKadidiatou Diani
71%
Thunderstruck Icon91CAMBrazilKaká
71%
Thunderstruck Icon91STScotlandKenny Dalglish
71%
Thunderstruck86LBReal SociedadKieran Tierney
71%
Thunderstruck90LWManchester City WomenLauren Hemp
71%
Thunderstruck Icon90RWPortugalLuís Figo
71%
Thunderstruck87CAMReal BetisNabil Fekir
71%
Thunderstruck Icon89LMFranceRobert Pirès
71%
Thunderstruck87RMGironaViktor Tsygankov
71%
Thunderstruck Icon89CDMSpainXabi Alonso
71%
Thunderstruck Icon91CBItalyAlessandro Nesta
57%
Thunderstruck87LBBayern MunichAlphonso Davies
57%
Thunderstruck88CBTottenham HotspurCristian Romero
57%
Thunderstruck86CDMBorussia DortmundEmre Can
57%
Thunderstruck Icon90CFFranceEric Cantona
57%
Thunderstruck87RMInter MilanJuan Cuadrado
57%
Thunderstruck87CBRB LeipzigLukas Klostermann
57%
Thunderstruck Icon88CMGermanyMichael Ballack
57%
Thunderstruck86CBLille OSCSamuel Umtiti
57%
Thunderstruck Icon88CBEnglandSol Campbell
57%
Thunderstruck88STAtlético MadridMemphis Depay
43%
Thunderstruck88CMAC MilanRuben Loftus-Cheek
43%
Thunderstruck88LWParis Saint-GermainLee Kang-In
29%
Thunderstruck85RBValenciaThierry Correia
29%

Score Distribution

Percentile by Number Answered

Percent of People with Each Score

Your Score History

You have not taken this quiz since the last reset